| 000 | 00420nam a2200133Ia 4500 | ||
|---|---|---|---|
| 008 | 170221s9999 xx 000 0 und d | ||
| 100 | _aMortuza Ahmmed | ||
| 245 | _aImpact of Mass Media in Creating Political Concern in Bangladesh | ||
| 245 | _cMortuza Ahmmed | ||
| 260 | _bOnline Journal of Communication and Media Technologies | ||
| 650 | _xCommunication | ||
| 650 | _xMedia Arts | ||
| 856 | _uhttp://www.ojcmt.net/ | ||
| 999 |
_c312872 _d312872 |
||